LIBRARY & INFORMATION CENTRE, KCAET, TAVANUR

ONLINE PUBLIC ACCESS CATALOGUE (OPAC)

Normal view MARC view
  • Unnisa, Syeda Azeem

Entry Personal Name

Number of records used in: 1

001 - CONTROL NUMBER

  • control field: 5790

003 - CONTROL NUMBER IDENTIFIER

  • control field: OSt

005 - DATE AND TIME OF LATEST TRANSACTION

  • control field: 20240203123924.0

008 - FIXED-LENGTH DATA ELEMENTS

  • fixed length control field: 240203|| aca||aabn | a|a d

040 ## - CATALOGING SOURCE

  • Original cataloging agency: OSt
  • Transcribing agency: OSt

100 ## - HEADING--PERSONAL NAME

  • Personal name: Unnisa, Syeda Azeem

670 ## - SOURCE DATA FOUND

  • Source citation: Work cat.: (OSt)14045: Sustainable solid waste management /, c2013.
free website counter